000 00892nam a2200265 a 4500
001 25849
003 CO-ViMGA
008 141112s2004 ck r 000 u spa d
020 _a9789584233189
040 _aCO-ViMGA
_bspa
_cCO-ViMGA
041 _aSPA
090 _aN MUT1
100 1 _aMutis, Álvaro, 1923 -
_940200
245 1 0 _aIlona llega con la lluvia /
_cÁlvaro Mutis
250 _a1a ed.
260 _aBogotá :
_bPlaneta,
_c2012
300 _a155 p.
490 _aGrandes éxitos
500 _aEn la carátula : Premio Medicis Francia, 1989, Premio Príncipe de Asturias España, 1997, Premio Reina Sofía de Poesía IberoAméricana España, 1997, Premio Cervantes España, 2001.
650 1 4 _aLITERATURA COLOMBIANA - SIGLO XX
_92057
650 1 4 _aMUERTE - NOVELA
650 1 4 _aNOVELA COLOMBIANA - SIGLO XX
_92058
650 1 4 _aPROSTITUCION - NOVELA
942 _2ddc
_cBK
999 _c5414
_d5414